| 000 | 00451 a2200145 4500 | ||
|---|---|---|---|
| 041 | _aEng. | ||
| 082 | _aCD5035 | ||
| 100 | _aKandel, Dipendra Sharma | ||
| 245 | _aEffectiveness of pair-work technique in teaching reading comprehension | ||
| 260 |
_aPokhara _c2010 |
||
| 502 |
_aDissertation _bDegree in Education (English) _cT. U. PNC |
||
| 650 |
_aEnglish language _aReading skills _aLanguage skills |
||
| 653 | _aEnglish education | ||
| 942 |
_2ddc _cVM |
||
| 999 |
_c62857 _d62845 |
||